000 00336nam a2200133Ia 4500
008 220204s9999 xx 000 0 und d
082 _a621.313.13
_bNAS
100 _aBoldea, I
245 0 _aLinear motion electric machines
260 _aNew York
_bJohn Wiley
_c1976
650 _aElectric motors
700 _aNasar, S A
942 _cBK
999 _c30598
_d30598